000 00480nam a2200193Ia 4500
005 20240823024810.0
008 240823s9999||||xx |||||||||||||| ||und||
020 _a92-9194-905-1
041 _aENGLISH
082 _A658.312404 N8
100 _aICAO
245 0 _aHuman Factors Training Manual
250 _a1st
260 _c1998
_bInternational Civil Aviation Organiz
500 _aTRANSFERED
650 _aHuman Factors in Flight
_bAME
942 _cBK
999 _c184775
_d184775